|
|
|
|
| LEADER |
00000cam a2200000 a 4500 |
| 001 |
vtls001103240 |
| 003 |
SK-MaSNL |
| 005 |
20260301001314.0 |
| 008 |
240226s1981 xo gr 000 e slo |
| 015 |
|
|
|a SNBA1981
|
| 020 |
|
|
|q (viazané)
|
| 035 |
|
|
|a SNK000046082
|
| 035 |
|
|
|a 629BF552-176B-480A-B878-994A0CF35A11
|
| 035 |
|
|
|a urn:nbn:sk:snk-am00if2e
|
| 040 |
|
|
|a SNK
|b slo
|c SNK
|e AACR2
|
| 041 |
0 |
|
|a slo
|
| 044 |
|
|
|a xo
|c SK
|
| 072 |
|
7 |
|a 821.162.3
|x Česká literatúra
|2 konspekt
|
| 080 |
|
|
|a 821.162.3-051
|2 2011
|
| 080 |
|
|
|a 821.162.4-4
|2 2011
|
| 100 |
1 |
|
|a Žáry, Štefan,
|d 1918-2007
|4 aut
|9 105418
|
| 245 |
1 |
0 |
|a Stovežatý básnik
|b (esej o Vítězslavovi Nezvalovi)
|c Štefan Žáry
|
| 250 |
|
|
|a 1. vyd.
|
| 260 |
|
|
|a Bratislava
|b Slovenský spisovateľ
|c 1981
|
| 300 |
|
|
|a 104 strán
|c 21 cm
|
| 366 |
|
|
|e 3000 kusov
|
| 500 |
|
|
|a Ilustrácie na frontispice. Mimo edície
|
| 600 |
1 |
7 |
|a Nezval, Vítězslav,
|d 1900-1958
|2 SNKMA
|9 203046
|
| 650 |
0 |
7 |
|a českí spisovatelia
|2 SNKPH
|9 82537
|
| 655 |
|
7 |
|a slovenské eseje
|2 SNKPH
|9 70621
|
| 852 |
|
|
|a Slovenská národná knižnica
|
| 954 |
|
|
|a beletria pôvodná (slovenská)
|2 lita
|
| 958 |
|
|
|a RK
|
| 958 |
|
|
|a TL
|
| 958 |
|
|
|a LX
|
| 958 |
|
|
|a OND
|
| 958 |
|
|
|a EUIPO
|
| 999 |
|
|
|c 534613
|d 536543
|
| 952 |
|
|
|t P60, <04>, [BOOK], {604}
|a SNK
|b SNK
|y VYP
|7 0
|p 17A0119158
|o snkSC 53573 D1
|0 0
|1 0
|4 0
|d 1998-01-21
|l 0
|r 2004-12-31 00:00:00
|w 2026-02-23
|
| 952 |
|
|
|a SNK
|b SNK
|y PREZ
|7 0
|p 17A0865077
|o snkSC 53573
|i snkKSP 8619/81
|0 0
|1 0
|4 0
|d 2012-08-06
|f 1
|l 0
|r 2025-11-06 00:00:00
|w 2026-02-23
|